01061 2200361 4500001002100000005001500021035002000036007000300056008004100059040001700100100001300117245012000130250001100250300003700261504002400298020002200322041000800344082000800352084001400360090001800374260003700392500002700429600002700456700003100483850001000514990002500524990002500549990002500574990002500599990002500624990002500649990002500674INLIS00000000000242120260602101408 a0010-0220000272ta260602 0  aSBPUPADbind0 aSutrisno1 aEnsiklopedia Mini Tubuh Manusia :bPanduan Serba Tahu Tentang Tubuh Manusia /cSutrisno, Penyunting: Daru Wijayanti aCet. 1 a72 hlm. :bilus. ;c20,5 x 28 cm aBibliografi, hlm 70 a978-602-5644-10-8 aind a570 a570 SUT e a570 SUT e 5-1 aYogyakarta :bIndopublika,c2018 aTentang Penulis hlm 71 4aIlmu Hayat dan Biologi0 aPenyunting: Daru Wijayanti aPUPAD a32.095/APBD/DPK/2019 a32.096/APBD/DPK/2019 a32.097/APBD/DPK/2019 a32.098/APBD/DPK/2019 a32.097/APBD/DPK/2019 a32.096/APBD/DPK/2019 a32.095/APBD/DPK/2019